000 00586cam a2200145 4500500
005 20251012021534.0
041 _afre
042 _adc
100 1 0 _aSalin, Dominique
_eauthor
245 0 0 _aClaude Langlois, MICHEL DE CERTEAU AVANT « CERTEAU » Les apprentissages de l’écriture (1954-1968) Presses universitaires de Rennes, « Histoire », 2022, 296 p., 25 €.
260 _c2022.
500 _a87
786 0 _nChristus | º275 | 3 | 2022-07-01 | p. 118-120 | 0009-5834
856 4 1 _uhttps://shs.cairn.info/revue-christus-2022-3-page-118?lang=fr&redirect-ssocas=7080
999 _c1538682
_d1538682